Alle Fußballvereine aus Bayern in den Top 4 Ligen - Statistiken

Allgemein
  • Dieses Quiz wurde 163 mal gespielt
    29 seit der letzten Aktualisierung
  • Das Durchschnittsergebnis liegt bei 18 aus 27
Antwortstatistiken
Liga Verein % Korrekt
2. Bundesliga 1. FC Nürnberg
100%
Regionalliga Bayern 1. FC Nürnberg ll
100%
Bundesliga FC Augsburg
100%
Regionalliga Bayern FC Augsburg ll
100%
Bundesliga FC Bayern München
100%
Regionalliga Bayern FC Bayern München ll
100%
2. Bundesliga SpVgg Greuther Fürth
100%
Regionalliga Bayern SpVgg Greuther Fürth ll
100%
3. Liga Jahn Regensburg
96%
3. Liga FC Ingolstadt
93%
3. Liga TSV 1860 München
89%
Regionalliga Bayern SpVgg Bayreuth
86%
Regionalliga Bayern Würzburger Kickers
82%
3. Liga 1. FC Schweinfurt
79%
Regionalliga Bayern SpVgg Unterhaching
79%
Regionalliga Bayern Viktoria Aschaffenburg
57%
Regionalliga Bayern FC Memmingen
50%
Regionalliga Bayern SpVgg Ansbach
46%
Regionalliga Bayern FV Illertissen
36%
Regionalliga Bayern VFB Eichstätt
36%
Regionalliga Südwest FC Bayern Alzenau
32%
Regionalliga Bayern Wacker Burghausen
32%
Regionalliga Bayern Schwaben Augsburg
21%
Regionalliga Bayern TSV Aubstadt
21%
Regionalliga Bayern TSV Buchbach
21%
Regionalliga Bayern DJK Vilzing
14%
Regionalliga Bayern SpVgg Hankofen-Hailing
14%
Keine übereinstimmenden Quizze gefunden
Verteilung der Resultate
Anzahl Personen mit jedem Resultat
Perzentil nach korrekt beantworteten Fragen
Ihre Resultats-Entwicklung
Sie haben dieses Quiz seit der letzten Aktualisierung nicht gespielt